Fantasy Football 2024 Weekly RB1 - Statistics

General Stats
  • This quiz has been taken 111 times
  • The average score is 10 of 15
Answer Stats
Week Points RB % Correct
1 33.2 Saquon Barkley
98%
3 33.6 Saquon Barkley
98%
9 32.9 Saquon Barkley
98%
12 46.2 Saquon Barkley
98%
4 35.9 Derrick Henry
92%
7 32 Jahmyr Gibbs
80%
8 28.3 James Cook
71%
10 29.4 Bijan Robinson
68%
11 35.3 Joe Mixon
68%
2 44 Alvin Kamara
67%
13 27.5 Bucky Irving
66%
15 30.8 James Conner
56%
14 38.3 Zach Charbonnet
35%
6 34.2 Sean Tucker
18%
5 25.9 Tank Bigsby
16%
No matching quizzes found
Score Distribution
Percent of People with Each Score
Percentile by Number Answered
Your Score History
You have not taken this quiz